00850nam a22002297a 45000010005000000030006000050050017000110080041000280200015000690400029000840500014001130820011001271000031001382450083001692600061002523000060003135050008003735200165003815210029005465210020005756500025005954529FISKH20240913111158.0240913b cb ||||| |||| 00| 0 eng d a1593400802 aFISKHbengcFISKHdFISKH aQL596.L28 a597.92 aPress, Son Scheineauthor  aIncredible Inchworm : bA glow in the dark board book / cby Son Schein Press aUnited States : bGreenbrier International, Inc ;c2006. a10 unnumbered pages : bcolor illustrations ; c16cm .  aG  a"Join me on a little trip tonight, as I walk behind a twinkling light. Oh look! It's the fascinating firefly, soaring away across the starry sky!"--Cover verso.8 a400 bLexile estimate 8 aG bRaz-Plus  ainsectsvnon-fiction